Model letters for all occasions, sentence stress, and emphasis (Record no. 10021)

MARC details
000 -LEADER
fixed length control field 00527nam a22001817a 4500
003 - CONTROL NUMBER IDENTIFIER
control field OSt
005 - DATE AND TIME OF LATEST TRANSACTION
control field 20260428060126.0
008 - FIXED-LENGTH DATA ELEMENTS--GENERAL INFORMATION
fixed length control field 260428b |||||||| |||| 00| 0 eng d
020 ## - INTERNATIONAL STANDARD BOOK NUMBER
International Standard Book Number 971- 08-1377-3
040 ## - CATALOGING SOURCE
Original cataloging agency DWCL-Main Lib
Transcribing agency OC
082 ## - DEWEY DECIMAL CLASSIFICATION NUMBER
Classification number Fil. 808.6 M72 1973
100 ## - MAIN ENTRY--PERSONAL NAME
Personal name De Guzman, Maria O.
245 ## - TITLE STATEMENT
Title Model letters for all occasions, sentence stress, and emphasis
260 ## - PUBLICATION, DISTRIBUTION, ETC.
Name of publisher, distributor, etc. National Book Store ,
Date of publication, distribution, etc. c1973
300 ## - PHYSICAL DESCRIPTION
Extent 81 p. ;
Dimensions 18 cm.
650 ## - SUBJECT ADDED ENTRY--TOPICAL TERM
Topical term or geographic name entry element Collections of letters.
942 ## - ADDED ENTRY ELEMENTS (KOHA)
Source of classification or shelving scheme Dewey Decimal Classification
Koha item type Book-Filipiniana
Call number suffix Fil.
Suppress in OPAC No
952 ## - LOCATION AND ITEM INFORMATION (KOHA)
--
952 ## - LOCATION AND ITEM INFORMATION (KOHA)
--
Holdings
Withdrawn status Lost status Source of classification or shelving scheme Damaged status Not for loan Home library Current library Shelving location Date acquired Source of acquisition Total Checkouts Full call number Barcode Date last seen Copy number Price effective from Koha item type Uniform Resource Identifier
    Dewey Decimal Classification     Junior High School Library Junior High School Library Filipiniana 11/23/2009 Donation   Fil. 808.6 M72 1973 JHS - 15383 04/28/2026 c2 04/28/2026 BK - FIL
    Dewey Decimal Classification     Junior High School Library Junior High School Library Filipiniana 11/23/2009 Donation   Fil. 808.6 M72 1973 JHS - 15382 04/28/2026 c1 04/28/2026 BK - FIL